| 000 | 00431nam a2200181Ia 4500 | ||
|---|---|---|---|
| 001 | 13407 | ||
| 005 | 20260306164759.0 | ||
| 008 | 260306t2020||||xx |||||||||||||| ||spa|| | ||
| 041 | _aESP | ||
| 082 |
_a004 _bB84 2019 |
||
| 100 |
_aBrookshear, J. Glenn _eAUT |
||
| 245 | 0 |
_aComputer science: _ban overview |
|
| 260 | _c2020 | ||
| 300 |
_a735 páginas : _c25 cm. |
||
| 650 | _aGEN | ||
| 654 | _aCCC | ||
| 942 |
_cLIB _dJUS _fJUS _2ddc _n |
||
| 999 |
_c13407 _d13407 |
||